000 00559nam a2200193Ia 4500
005 20230710134738.0
008 131103s9999 xx 000 0 und d
040 _aLoreto College
041 _aEnglish
082 _a572.994
_bLOC
100 _aLockwood, Douglas
245 _aWe, the aborigines
_cDouglas Lockwood
260 _aMelbourne
_bCassell Australia
_c1963
300 _a259p.
_b platesill photos
650 _aAnthropology -
651 _aCulture and institution - Indigenous racial,ethnic,national groups -
850 _aLCLIB
942 _cBK
999 _c1838
_d52317